Alejandro Geraldini : (Record n. 3021)

Dettagli MARC
000 -LEADER
fixed length control field 01046nam a2200241 i 4500
003 - CONTROL NUMBER IDENTIFIER
control field IT-RoINE
005 - DATE AND TIME OF LATEST TRANSACTION
control field 20201119104619.0
008 - FIXED-LENGTH DATA ELEMENTS--GENERAL INFORMATION
fixed length control field 930428s1987 dr |rb 001 0bspa d
040 ## - CATALOGING SOURCE
Original cataloging agency DLC
Transcribing agency DLC IT-RoINE
Modifying agency IT-RoINE
100 1# - MAIN ENTRY--PERSONAL NAME
Personal name Tisnés Jiménez, Roberto María,
Dates associated with a name 1926-
9 (RLIN) 5988
245 10 - TITLE STATEMENT
Title Alejandro Geraldini :
Remainder of title primer obispo residente de Santo Domingo en la Española, amigo y defensor de Colón /
Statement of responsibility, etc Roberto M. Tisnés J.
260 ## - PUBLICATION, DISTRIBUTION, ETC. (IMPRINT)
Place of publication, distribution, etc Santo Domingo, República Dominicana :
Name of publisher, distributor, etc Arzobispado de Santo Domingo :
-- Oficina de la Obra y Museos de la Catedral Metropolitana de Santo Domingo, Primada de Indias,
Date of publication, distribution, etc 1987.
300 ## - PHYSICAL DESCRIPTION
Extent 421 p. ;
Dimensions 24 cm.
336 ## - CONTENT TYPE
Source rdacontent
Content type term text
337 ## - MEDIA TYPE
Source rdamedia
Media type term unmediated
338 ## - CARRIER TYPE
Source rdacarrier
Carrier type term volume
490 10 - SERIES STATEMENT
Series statement Catedral primada.
-- Serie Estudios ;
Volume number/sequential designation 1
500 ## - GENERAL NOTE
General note Incluye índice.
504 ## - BIBLIOGRAPHY, ETC. NOTE
Bibliography, etc Bibliografía: p. 389-396.
600 14 - SUBJECT ADDED ENTRY--PERSONAL NAME
9 (RLIN) 5989
Personal name Geraldini, Alessandro,
Titles and other words associated with a name Obispo de Santo Domingo,
Dates associated with a name 1455-1525
General subdivision Biografía
830 #0 - SERIES ADDED ENTRY--UNIFORM TITLE
Uniform title Catedral primada.
Name of part/section of a work Serie Estudios ;
9 (RLIN) 5990
Volume number/sequential designation 1
942 ## - ADDED ENTRY ELEMENTS (KOHA)
Item type Monografías
Dati di copia
Withdrawn status Lost status Damaged status Not for loan Home library Current library Date acquired Total Checkouts Full call number Barcode Date last seen Price effective from Koha item type
        Iglesia Nacional Española en Roma Iglesia Nacional Española en Roma 10/04/2014   BIO 1053 3468 10/04/2014 10/04/2014 Monografías